| 000 | 00743nam a2200229Ia 4500 | ||
|---|---|---|---|
| 003 | OSt | ||
| 005 | 20220918105427.0 | ||
| 006 | a|||||r|||| 00| 0 | ||
| 007 | ta | ||
| 008 | 220915b |||||||| |||| 00| 0 san d | ||
| 024 | _a93,286 | ||
| 037 | _cReference Collections | ||
| 040 |
_aARTS _cARTS _bsan |
||
| 041 |
_2san _asan |
||
| 082 | _aQ11:21, 152K7.1(RR) | ||
| 100 |
_aसातवलेकर, दामोदर, ले. _91347 |
||
| 245 | 0 | _aऋग्वेद का सुबोध - भाष्य | |
| 246 | _aṚugved kā subodh - bhāṣhya | ||
| 260 | _c1967 | ||
| 942 |
_hQ11:21, 152K7.1(RR) _cREF |
||
| 999 |
_c107082 _d107082 |
||